|
|
|
|
| LEADER |
00000nta a2200000 i 4500 |
| 001 |
dolg16192 |
| 005 |
20181112150211.0 |
| 008 |
180514suuuu hu om 000 hun d |
| 040 |
|
|
|a BGE Dolgozattár Repozitórium
|b hun
|
| 041 |
|
|
|a hu
|
| 100 |
1 |
|
|a Baróthy Borbála
|
| 245 |
1 |
0 |
|a World Wildlife Fund (WWF) - A szervezet működése, valamint az önkéntesmunka szerepe napjainkban
|c Baróthy Borbála
|h [elektronikus dokumentum]
|
| 246 |
1 |
1 |
|a Természetvédelmi Világalap
|
| 246 |
1 |
1 |
|a World Wildlife Fund
|
| 520 |
3 |
|
|a A WWF civil természetvédelmi szervezet működése, önkéntesmunka
|
| 695 |
|
|
|a önkéntesség
|
| 695 |
|
|
|a wwf
|
| 700 |
1 |
|
|a Schultz Éva
|e ths
|
| 856 |
4 |
0 |
|u http://dolgozattar.uni-bge.hu/16192/1/WWF%20Szakdolgozat%20%282%29.pdf
|z Dokumentum-elérés
|